|
|
|
|
| LEADER |
00000nam2a2200000 4500 |
| 001 |
241797 |
| 005 |
20231101231838.0 |
| 010 |
|
|
|a 9785985890501
|
| 035 |
|
|
|a (RuTPU)RU\TPU\book\263086
|
| 035 |
|
|
|a RU\TPU\book\7257
|
| 035 |
|
|
|a RU\TPU\book\263073
|
| 035 |
|
|
|a RU\TPU\book\263075
|
| 035 |
|
|
|a RU\TPU\book\263079
|
| 035 |
|
|
|a RU\TPU\book\263080
|
| 090 |
|
|
|a 241797
|
| 100 |
|
|
|a 20130820d2012 k y0rusy50 ca
|
| 101 |
0 |
|
|a rus
|
| 102 |
|
|
|a RU
|
| 105 |
|
|
|a a z 001zy
|
| 200 |
0 |
|
|a Т. 11: Имплантаты с памятью формы в хирургии
|f Сибирский государственный медицинский университет (СибГМУ)
|
| 210 |
|
|
|d 2012
|
| 215 |
|
|
|a 397 с.
|
| 320 |
|
|
|a Библиогр.: с. 375-397.
|
| 330 |
|
|
|a В одиннадцатом томе многотомного издания «Медицинские материалы и имплантаты с памятью формы» представлены разработки новых имплантатов и передовых медицинских технологий хирургического лечения широкого спектра заболеваний органов грудной и брюшной полости. Созданы и использованы на практике материалы с качественно новыми свойствами: сверхэластичные металлические нити, тонко-профильные гканн пористо-проницаемые эндопротезы, инструменты, зажимы и имплантаты с памятью формы для создания компрессионных анастомозов, инкубаторы-носители клеточных культур органов и т.д. В книге обобщен более чем тридцатилетний опыт применения сверхэластичных материалов и имплантатов с памятью формы в различных хирургических клиниках России, где эти материалы убедительно доказали свою высокую эффективность.
|
| 461 |
|
1 |
|0 (RuTPU)RU\TPU\book\261032
|y 978-5-98589-036-5
|t Медицинские материалы и имплантаты с памятью формы
|o в 14 т.
|f Томский государственный университет (ТГУ), Сибирский физико-технический институт им. В. Д. Кузнецова (СФТИ), НИИ Медицинских материалов и имплантатов с памятью формы (НИИММ) ; под ред. В. Э. Гюнтера
|v Т. 11: Имплантаты с памятью формы в хирургии
|d 2009-2013
|
| 606 |
1 |
|
|a Имплантаты
|2 stltpush
|3 (RuTPU)RU\TPU\subj\71629
|9 85445
|
| 610 |
1 |
|
|a имплантаты с памятью формы
|
| 610 |
1 |
|
|a организм человека
|
| 610 |
1 |
|
|a грыжи
|
| 610 |
1 |
|
|a лечение
|
| 610 |
1 |
|
|a функциональные нарушения
|
| 610 |
1 |
|
|a никелид титана
|
| 610 |
1 |
|
|a биосовместимые материалы
|
| 610 |
1 |
|
|a хирургия
|
| 610 |
1 |
|
|a патология
|
| 610 |
1 |
|
|a желудок
|
| 610 |
1 |
|
|a желудочно-кишечные заболевания
|
| 610 |
1 |
|
|a печень
|
| 610 |
1 |
|
|a селезенка
|
| 675 |
|
|
|a 615.4
|v 3
|
| 712 |
0 |
2 |
|a Новосибирский государственный медицинский университет (НГМУ)
|2 stltpush
|3 (RuTPU)RU\TPU\col\18915
|
| 712 |
0 |
2 |
|a Сибирский государственный медицинский университет (СибГМУ)
|c (Томск)
|c (1992- )
|2 stltpush
|3 (RuTPU)RU\TPU\col\1642
|
| 801 |
|
0 |
|a RU
|b 63413507
|c 20011209
|g PSBO
|
| 801 |
|
2 |
|a RU
|b 63413507
|c 20130904
|g PSBO
|
| 942 |
|
|
|c BK
|